Classement FIFA: les 20 meilleures nations (19/01/2026) - Statistiques

Statistiques générales
  • Ce quiz a été pris 165 fois
  • Le résultat moyen est 18 sur 20
Statistiques - réponses
Classement Confédération Nation % Correct
3 UEFA France
100%
2 CONMEBOL Argentine
99%
5 CONMEBOL Brésil
99%
1 UEFA Espagne
99%
8 CAF Maroc
98%
6 UEFA Portugal
98%
4 UEFA Angleterre
97%
13 UEFA Italie
95%
12 CAF Sénégal
95%
10 UEFA Allemagne
92%
9 UEFA Belgique
92%
19 AFC Japon
90%
17 CONMEBOL Uruguay
88%
7 UEFA Pays-Bas
87%
15 CONCACAF États-Unis
85%
14 CONMEBOL Colombie
84%
16 CONCACAF Mexique
82%
18 UEFA Suisse
82%
11 UEFA Croatie
76%
20 AFC Iran
52%
Aucun quiz correspondant
Distribution des résultats
% des personnes avec chaque résultat
Percentile par nombre de réponses
Votre historique - résultats
Vous n’avez pas pris ce quiz